<?xml version="1.0" encoding="UTF-8"?>
<collection xmlns="http://www.loc.gov/MARC21/slim">
 <record>
  <leader>00614nam a22001575a 4500</leader>
  <controlfield tag="001">EEA.libagro000741</controlfield>
  <controlfield tag="008">130809s1972####xx############000#0#spa#d</controlfield>
  <controlfield tag="005">20191105114209.0</controlfield>
  <datafield tag="245" ind1="1" ind2="0">
   <subfield code="a">Caracterización hidrológica de la cuenca del río Sauce Grande en primera fase /</subfield>
   <subfield code="c">J.D. Paoloni, O.C. Tjuchneider, J.A. Luque.</subfield>
  </datafield>
  <datafield tag="260" ind1=" " ind2=" ">
   <subfield code="c">1972.</subfield>
  </datafield>
  <datafield tag="490" ind1="1" ind2=" ">
   <subfield code="a">Revista de Investigaciones Agropecuarias. Serie 3, Clima y suelo ;</subfield>
   <subfield code="v">v.IX, nº4, p. 127-146</subfield>
  </datafield>
  <datafield tag="100" ind1="1" ind2=" ">
   <subfield code="a">Paoloni, Juan Darío.</subfield>
  </datafield>
  <datafield tag="700" ind1="1" ind2=" ">
   <subfield code="a">Tjuchneider, O. C.</subfield>
  </datafield>
  <datafield tag="700" ind1="1" ind2=" ">
   <subfield code="a">Luque, Jorge Alfredo.</subfield>
  </datafield>
  <datafield tag="082" ind1="0" ind2="4">
   <subfield code="a">551.48</subfield>
  </datafield>
  <datafield tag="859" ind1=" " ind2=" ">
   <subfield code="a">AR-BbBCA</subfield>
   <subfield code="b">BIB. AGRONOMIA</subfield>
   <subfield code="h">S551.48</subfield>
   <subfield code="i">P212-1</subfield>
   <subfield code="p">1974/0134</subfield>
  </datafield>
 </record>
</collection>
